Paesi più vicini a Cuba - Statistics

Statistiche generali
  • Questo quiz è stato fatto 68 volte
  • Il punteggio medio è 14 su 20
Statistiche sulle risposte
km nazione % Corretto
149 Stati Uniti
100%
197 Messico
93%
630 Guatemala
91%
255 Repubblica Dominicana
91%
85 Haiti
89%
716 Nicaragua
88%
509 Belize
86%
146 Giamaica
86%
642 Honduras
86%
89 Bahamas
84%
940 El Salvador
84%
1151 Panama
84%
1168 Costa Rica
82%
968 Venezuela
79%
891 Colombia
75%
1179 Francia
44%
943 Aruba
28%
1014 Curaçao
26%
1181 Paesi Bassi
19%
1181 Sint Maarten
14%
Nessun quiz corrispondente trovato
Distribuzione punteggi
Percentuale di utenti per punteggio
Percentile per numero di risposta
I tuoi punteggi nel tempo
Non hai fatto questo quiz